000 00775nam a2200241Ia 4500
005 20250117103608.0
008 008 250103s9999 xx 000 0 eng d
020 _a9783031372599
037 _aTextual
040 _aCSL
_beng
_cCSL
041 _aeng
_2eng
084 _aB281N07 R3
_qCSL
100 _aAhmed, N U
_9454536
245 0 _aMeasure-Valued solutions for nonlinear evolution equations on banach spaces and their optimal control
_cAhmed, N U; Wang, Shian
260 _aSwitzerland
_bSpringer
_c2023
300 _axiii, 227p. ill.
650 _a Optimal control
_9733896
650 _a Stochastic systems
_9734101
650 _aMathematics
700 _a Wang, Shian
_9731866
942 _cTEXL
_hB281N07 R3
999 _c1237831
_d1237831